[Event "IV Zagreb Open 2019"]
[Site "Zagreb"]
[Date "2019.12.07"]
[Round "1.9"]
[White "Kovacevic, Blazimir"]
[Black "Globan, Tomislav"]
[Result "1-0"]
[WhiteElo "2453"]
[BlackElo "1977"]
[Annotator "TA"]
[PlyCount "133"]
[EventDate "2019.12.07"]
[EventType "swiss"]
[EventCountry "CRO"]
[SourceTitle "playchess.com"]
[Source "ChessBase"]
[SourceQuality "1"]

{[%evp 13,133,17,48,48,58,47,70,55,58,51,54,50,49,0,64,68,65,43,33,31,44,38,47,14,47,0,50,48,63,38,50,41,41,35,43,0,0,-8,12,20,41,31,52,3,36,0,183,66,210,64,63,89,76,79,106,35,25,0,87,57,87,37,20,0,0,-650,-654,-1019,-843,-828,-768,-1052,-1034,-1020,-1014,-1005,-848,-1007,-614,-557,-286,-614,-565,-1376,-809,-29992,-29993,-29993,0,-481,0,-29993,-5675,-4710,0,0,-73,0,8,8,635,0,0,0,0,0,0,0,0,0,29970,29975,29975,29975,29975,29973,29975,29976,29985,29986,29985,29986]} 1. Nf3 c5 2. g3 e6 3. Bg2 Nc6 4. O-O d5 5. c4 Nf6 6. cxd5 exd5 7. d4 h6 8. Nc3 {D30: Queen's Gambit Declined: Systems without Nc3} c4 (8... Be6 9. b3 a6 10. Bb2 Rc8 11. e3 Be7 12. dxc5 Bxc5 13. Ne2 O-O 14. Nf4 Ne4 15. Rc1 Be7 16. Nd4 Nxd4 17. Rxc8 Qxc8 18. Bxd4 {1-0 (65) Roiz,M (2644)-Akobian,V (2585) Khanty-Mansiysk 2007}) 9. Ne5 Bb4 10. Nxc6 {White is slightly better.} bxc6 11. Qa4 Bxc3 $1 12. bxc3 O-O $1 13. f3 $146 ({Predecessor:} 13. Qxc6 Bf5 14. Bf4 Re8 15. Be5 Ne4 16. Bc7 {0-1 (41) Ferre Perez,A (2161)-Hausdorf,H (2278) ICCF email 2017}) 13... Re8 (13... Bf5 $11) 14. e4 $14 Bd7 15. Qc2 Qc8 16. Ba3 Rb8 17. Bd6 Rb5 18. Rab1 Rb6 19. Bc5 Ra6 20. Rb2 Bh3 21. e5 Bxg2 22. Kxg2 Nd7 23. Bd6 c5 24. f4 (24. Qd2 $14) 24... cxd4 $11 25. cxd4 Rb6 26. Rxb6 Nxb6 27. Rf3 Qd7 28. Ra3 g6 29. f5 Kg7 $2 (29... gxf5 $11 {and Black is okay.} 30. Rf3 Nc8) 30. Rf3 (30. fxg6 $18 fxg6 31. Qf2) 30... Qa4 (30... gxf5 $14 31. Rxf5 Re6) 31. Qd2 (31. Qb1 $18 {Strongly threatening fxg6.} Qd7 32. fxg6 fxg6 33. Qf1) 31... c3 $1 $14 {[%cal Rc3d2]} 32. Qxc3 {Threatens to win with fxg6.} Qxa2+ 33. Rf2 Qb1 34. f6+ (34. fxg6 $16 Qxg6 35. Rf4) 34... Kg8 35. Qc2 Qb5 (35... Qxc2 $11 {remains equal.} 36. Rxc2 Nc4) 36. Qc1 Kh7 37. Qc7 Kg8 $1 38. Qxa7 Nc4 39. Be7 $2 {[%mdl 8192]} (39. h3 $11) 39... Ne3+ $19 40. Kh3 Qc6 41. g4 {[#]} Qe6 $1 {[%csl Ge3][%cal Re6g4][%mdl 512]} 42. Rg2 Nxg2 43. Kxg2 Qxg4+ {[%mdl 4096] Endgame KQR-KQB} 44. Kf2 Qe6 45. Qb7 Rc8 46. Bc5 Qc6 47. Qe7 $2 (47. Qxc6 Rxc6 48. Kf3) 47... Ra8 {White must now prevent ...Qa4.} 48. Qd6 Qb7 49. e6 Ra2+ 50. Kg3 fxe6 $2 (50... Qb3+ {mates} 51. Kg4 Qd1+ 52. Kh3 Qh5+ 53. Kg3 Qg5+ 54. Kf3 Qg2+ {[%mdl 64] Double Attack} 55. Kf4 g5+ 56. Kf5 Qe4#) 51. Qf8+ $1 $11 Kh7 {Hoping for ...Qc7+.} 52. Be7 $2 {[%mdl 8192]} (52. f7 $11 Qb3+ 53. Kf4 Rf2+ 54. Ke5 Qe3+ 55. Kd6 Qf4+ {[%mdl 64] Double Attack} 56. Ke7 Qc7+ 57. Kxe6 Re2+ 58. Kxd5 Qd7+ 59. Kc4 Qe6+ 60. Kb4 Rb2+ 61. Ka5 Qa2+ 62. Ba3 Qd5+ {[%mdl 64] Double Attack} 63. Bc5 Ra2+ 64. Kb6 Rb2+ 65. Ka5 Ra2+ 66. Kb6 Rb2+ 67. Ka5) 52... Qb3+ (52... Qc7+ $142 53. Bd6 Qc3+ {[%mdl 64] Double Attack} 54. Kh4 g5+ 55. Kg4 Qxd4+ 56. Kg3 Qh4+ 57. Kf3 Qe4+ 58. Kg3 Qg2#) 53. Kf4 $19 {[#]} g5+ $2 ({Black should try} 53... e5+ $1 $19 54. Kxe5 (54. dxe5 Rf2+) 54... Qe3+ 55. Kxd5 Qf3+ 56. Kc4 Rc2+ 57. Kb4 Qb7+ 58. Ka5 Ra2+ 59. Ba3 Qa8+ $1 {[%mdl 576] Deflection} 60. Qxa8 Rxa3+ 61. Kb6 Rxa8) 54. Ke5 $11 {[%csl Gf6][%cal Rf8g7]} Qe3+ 55. Kd6 {[%csl Gf6][%cal Rf8g7]} Ra6+ 56. Kd7 {[%csl Gf6][%cal Rf8g7]} Kg6 $2 {[%mdl 8192] [#]} (56... Ra7+ $11 57. Ke8 Kg6) 57. Qg7+ $2 (57. Qe8+ $1 $18 Kf5 58. f7 Ra7+ 59. Kc6 Qc1+ 60. Bc5 Rxf7 61. Qxf7+ Kg4 62. Qxe6+ {[%mdl 64] Double Attack} Kh5 63. Qf7+ Kh4 64. Qxd5) 57... Kh5 58. f7 Qb3 {( -> ...Qb7+)} 59. Bd6 $1 (59. f8=Q Qb5+ 60. Kd8 Ra8+ 61. Kc7 Ra7+ 62. Kd6 Ra6+ 63. Ke5 Qe2+ 64. Kf6 Qf3+ 65. Ke5 Qe4+ 66. Kf6 Qf5#) 59... Qb7+ 60. Kxe6 Qc8+ 61. Ke5 {[#]} Ra2 $2 {[%mdl 8192]} (61... Rxd6 $1 $11 {[%mdl 512]} 62. Kxd6 Qa6+ 63. Kc7 (63. Kxd5 Qb5+ 64. Ke6 Qb6+ 65. Kf5 Qb1+ 66. Ke6 Qb6+ 67. Kf5 Qb1+ 68. Kf6 Qb6+ 69. Ke5 Qb8+ 70. Kf6 Qd8+ 71. Kf5 Qc8+ 72. Ke4 Qb7+ 73. Kf5 Qb1+ $11) 63... Qa7+ 64. Kd8 Qb6+ 65. Ke7 (65. Kd7 Qa7+ 66. Ke8 Qb8+ 67. Kd7 Qb7+ 68. Ke6 Qc6+ 69. Ke5 Qc7+ 70. Kf5 Qc8+ 71. Kf6 Qd8+ 72. Ke6 Qb6+ 73. Kf5 Qb1+ 74. Ke6 Qb6+ 75. Kf5 Qb1+ 76. Ke5 Qb8+ 77. Kxd5 Qa8+ 78. Ke5 Qb8+ 79. Ke6 Qc8+ 80. Ke5 Qb8+ 81. Ke6 Qb6+ 82. Kf5 Qb1+ 83. Kf6 Qb6+ 84. Kf5 Qb1+ 85. Ke6 Qb6+ 86. Ke5 Qb5+ 87. Kd6 Qb6+ 88. Kd7 Qb7+ 89. Kd6 Qb8+ 90. Ke6 $11) 65... Qc7+ 66. Ke8 Qb8+ 67. Ke7 (67. Kd7 Qb7+ 68. Ke6 Qc6+ 69. Ke7 Qc7+ 70. Kf6 Qc6+ 71. Ke5 Qc7+ 72. Kf6 Qc6+ 73. Ke7 Qb7+ 74. Kf6 Qc6+ $11) 67... Qc7+ 68. Ke6 Qb6+ 69. Kf5 (69. Kxd5 Qb5+ 70. Ke4 Qb7+ 71. d5 Qb1+ 72. Kf3 Qb3+ 73. Kf2 Qc2+ 74. Kf1 Qf5+ 75. Ke2 Qe4+ 76. Kd2 Qxd5+ 77. Kc3 Qf3+ 78. Kd4 Qg4+ 79. Ke5 Qf4+ 80. Ke6 Qc4+ 81. Ke7 Qc5+ 82. Kd8 Qd6+ {[%mdl 64] Double Attack} 83. Ke8 Qc6+ 84. Kf8 Qc8+ 85. Ke7 Qc5+ 86. Kd8 Qd6+ 87. Kc8 Qc6+ 88. Kb8 Qb6+ 89. Kc8 Qc6+ 90. Kd8 Qd6+ $11) 69... Qb1+ 70. Ke6 Qb6+ 71. Kf5 (71. Kxd5 Qb5+ 72. Ke4 Qe2+ 73. Kf5 Qf1+ 74. Ke5 Qe2+ 75. Kd6 Qa6+ 76. Kd7 Qb7+ 77. Ke6 Qc6+ 78. Ke5 Qb5+ 79. Kf6 Qc6+ 80. Ke5 Qb5+ 81. Kf6 Qc6+ 82. Ke7 Qb7+ 83. Kf6 Qc6+ $11) 71... Qb1+ 72. Ke6 Qb6+) 62. f8=Q {White mates.} Re2+ 63. Kxd5 Qe6+ 64. Kc6 Rc2+ 65. Kb6 Rb2+ 66. Kc7 Rc2+ 67. Bc5 {Accuracy: White = 35%, Black = 43%.} 1-0

[Event "IV Zagreb Open 2019"]
[Site "Zagreb"]
[Date "2019.12.07"]
[Round "1.10"]
[White "Ognjacevic, Alen"]
[Black "Plenca, Jadranko"]
[Result "0-1"]
[WhiteElo "1966"]
[BlackElo "2453"]
[Annotator "TA"]
[PlyCount "92"]
[EventDate "2019.12.07"]
[EventType "swiss"]
[EventCountry "CRO"]
[SourceTitle "playchess.com"]
[Source "ChessBase"]
[SourceQuality "1"]

{[%evp 11,112,36,43,13,4,8,11,4,34,26,34,34,36,29,57,56,75,16,28,7,34,-7,0,0,8,0,2,-44,-19,-23,-15,-79,-44,-96,-83,-104,-81,-145,-143,-238,-104,-91,-87,-92,-92,-108,-104,-155,-48,-108,-83,-69,-71,-70,-62,-122,-114,-148,-137,-148,-159,-236,-239,-229,-225,-194,-220,-256,-235,-238,-241,-237,-237,-484,-458,-620,-592,-733,-728,-700,-682,-1172,-1156,-1141,-979,-6377,-6142,-29985,-29986,-29986,-29987,-29993,-7137,-7137,-6377,-6377,-6360,-5941,-5518,-5056,-1773,-1620,-1611]} 1. e4 e5 2. Nf3 Nc6 3. Bb5 a6 4. Ba4 d6 5. O-O Bd7 6. c3 g6 7. Qe2 {C72: Ruy Lopez: Deferred Steinitz: 5 0-0} (7. d4 Bg7 8. Re1 Nf6 9. h3 O-O 10. Bc2 h6 11. Nbd2 Re8 12. Nf1 Nh5 13. Be3 Qf6 14. N1h2 Nf4 15. dxe5 Nxe5 16. Nxe5 Rxe5 {½-½ (55) Jones,G (2688)-Flores,D (2602) Khanty-Mansiysk 2019}) 7... Bg7 8. Rd1 Nf6 9. d4 {The position is equal.} Qe7 10. d5 $146 ({Predecessor:} 10. Bg5 O-O 11. Bxc6 Bxc6 12. dxe5 dxe5 13. c4 h6 14. Bxf6 Qxf6 {½-½ (35) Pym,T (2059)-Samolins,V (2189) Mureck 2004}) 10... Nb8 11. Bc2 O-O 12. h3 h6 13. c4 Nh7 14. Ne1 (14. b4 $16) 14... f5 $11 15. Nc3 f4 16. f3 g5 17. Nd3 h5 18. Nf2 Nf6 19. Kf1 g4 20. hxg4 hxg4 21. Ke1 (21. fxg4 $11 {keeps the balance.} Nxg4 22. Nxg4) 21... Qf7 22. Nd3 (22. b4 $15) 22... a5 23. c5 Na6 24. Qf2 ({White should play} 24. Ba4) 24... Nh7 $17 25. Ba4 (25. Bb3 $17 {was worth a try.}) 25... Bf6 (25... Bxa4 $1 $19 {is more deadly.} 26. Nxa4 gxf3 27. gxf3 Ng5) 26. Bxd7 Qxd7 27. cxd6 cxd6 28. Ke2 Nb4 29. Rh1 ({White should try} 29. Kd2) 29... Ng5 (29... Nc2 $17 30. Rb1 Nd4+ 31. Kf1 Rac8) 30. Bd2 (30. Ne1 $15) 30... Nxd3 31. Kxd3 b5 {[%cal Bb7b5,Bb5a4][%mdl 32] ...b4 is the strong threat.} 32. a4 bxa4 $1 33. Rh6 (33. Rxa4 $15 Rfc8 34. b3) 33... Qg7 $1 $36 {[%cal Rg7h6][%mdl 2048] Black is in control.} 34. Qh4 {[#] And now Qh5 would win.} Nxe4 $1 {[%mdl 512]} 35. Qh5 {[#]} (35. Nxe4 Bxh4) 35... Ng3 $1 {[%cal Rg3h5]} 36. Qg6 (36. Qxg4 $17 Qxg4 37. fxg4) 36... gxf3 $19 37. gxf3 Qxg6+ 38. Rxg6+ {[#]} Kf7 $1 {[%cal Rf7g6]} 39. Rg4 Rfb8 40. Kc2 Rh8 41. Rxa4 Rh2 {Hoping for ...Nf1.} 42. Ne4 $2 (42. Kd3) 42... Nxe4 43. fxe4 Rc8+ 44. Kd3 Rh3+ 45. Ke2 f3+ 46. Kf1 Rh1+ {Played: Rc8-c2} 0-1

[Event "IV Zagreb Open 2019"]
[Site "Zagreb"]
[Date "2019.12.07"]
[Round "1.11"]
[White "Janzelj, Tim"]
[Black "Skrbec, Leon"]
[Result "1-0"]
[WhiteElo "2446"]
[BlackElo "1966"]
[Annotator "TA"]
[PlyCount "57"]
[EventDate "2019.12.07"]
[EventType "swiss"]
[EventCountry "CRO"]
[SourceTitle "playchess.com"]
[Source "ChessBase"]
[SourceQuality "1"]

{[%evp 19,57,19,29,29,18,19,20,25,22,27,23,25,29,27,69,46,44,20,26,0,46,27,33,32,23,0,0,17,258,227,251,252,234,222,344,315,884,888,1017,319]} 1. d4 Nf6 2. c4 e6 3. Nc3 Bb4 4. Bd2 b6 5. Nf3 Bb7 6. e3 O-O 7. Bd3 d5 8. cxd5 exd5 9. O-O c5 10. dxc5 bxc5 11. a3 {E52: Nimzo-Indian: Rubinstein: 4...0-0 5 Nf3 d5 6 Bd3 b6} Ba5 12. Na4 Bb6 13. b4 {[%cal Bb2b4,Bb4b5][%mdl 32] The position is equal.} c4 {[#]} 14. Nxb6 $146 ({Predecessor:} 14. Bc2 Ne4 15. Bc3 Nc6 16. Bxe4 dxe4 17. Nd2 Ne7 18. Nxc4 Nd5 {½-½ (49) Smyslov,V (2595)-Timman,J (2640) Montpellier 1985}) 14... axb6 15. Bf5 Nc6 16. b5 Ne7 17. Bc2 Re8 18. Qb1 Ne4 19. Rd1 Qc7 (19... Nf5 $5 {[%cal Rd5d4]} 20. Bxe4 dxe4 $11) 20. Be1 Ng6 21. a4 f5 22. Nd4 f4 $1 23. f3 Nf6 $2 {[#]} (23... Nc5 $11 {and Black stays safe.}) 24. Bxg6 $18 hxg6 25. Qxg6 Rxe3 ({And not} 25... fxe3 26. Nf5 $14) 26. Nf5 Rae8 (26... Re6 $142 27. a5 bxa5) 27. Bh4 ({Weaker is} 27. Nxe3 fxe3 28. Bh4 Qf7 $16) 27... R3e6 $2 (27... Nh7 28. Nxe3 Rxe3) 28. Bxf6 {[%mdl 64] [#] Pin} Rf8 29. Nh6+ {Accuracy: White = 88%, Black = 43%.} 1-0

[Event "IV Zagreb Open 2019"]
[Site "Zagreb"]
[Date "2019.12.08"]
[Round "2.1"]
[White "Frouth, Nenad"]
[Black "Kozul, Zdenko"]
[Result "0-1"]
[WhiteElo "2195"]
[BlackElo "2590"]
[Annotator "TA"]
[PlyCount "56"]
[EventDate "2019.12.07"]
[EventType "swiss"]
[EventCountry "CRO"]
[SourceTitle "playchess.com"]
[Source "ChessBase"]
[SourceQuality "1"]

{[%evp 9,134,40,41,35,37,25,25,5,5,5,5,5,5,0,5,-5,-3,-40,-26,-33,-36,-27,-35,-65,-54,-80,-68,-89,-72,-91,-95,-91,-71,-62,-66,-73,-48,-64,-41,-146,-43,-46,-37,-108,-28,-95,-13,-58,-65,-51,-66,-97,0,-56,-14,-95,-75,-132,-140,-120,-121,-126,-102,-97,-84,-95,-95,-110,-110,-128,-98,-103,-95,-101,-72,-72,-79,-192,-193,-185,-189,-408,-397,-382,-401,-408,-408,-401,-401,-393,-383,-370,-377,-394,-380,-719,-627,-727,-712,-714,-653,-622,-510,-521,-545,-525,-525,-507,-492,-602,-475,-580,-577,-517,-502,-617,-617,-756,-606,-620,-613,-773,-734,-828,-807,-766,-611]} 1. Nf3 d5 2. d4 c6 3. Bf4 Qb6 4. Qc1 Bg4 5. Nbd2 {[%cal Bb1d2,Bd2f3,Bf3e5][%mdl 32]} Nd7 6. e3 {D02: 1 d4 d5 2 Nf3 sidelines, including 2...Nf6 3 g3 and 2...Nf6 3 Bf4} e6 7. Bd3 Ngf6 8. h3 {White has an edge.} Bxf3 9. Nxf3 c5 10. c3 Bd6 11. Ne5 $146 ({Predecessor:} 11. Bxd6 Qxd6 12. Bb5 O-O 13. Bxd7 Nxd7 {0-1 (39) Taleb,M (2439)-Galkin,A (2569) Dubai 2002}) 11... O-O 12. Qb1 h6 13. Bh2 (13. O-O {with more complications.} Qc7 14. Nxd7 Nxd7 15. Bxd6 Qxd6 16. b3) 13... cxd4 14. exd4 Bxe5 15. dxe5 {[#]} Ne4 $1 {[%mdl 512]} 16. Bxe4 dxe4 17. Qxe4 Qxb2 18. O-O b6 $36 {[%mdl 2048] White is under strong pressure.} 19. Rad1 Nc5 20. Qh4 Qxa2 21. Rd4 Qc2 22. Rg4 $1 Kh7 23. Bf4 Rg8 $1 24. Rg5 (24. Be3 $15) 24... Rh8 (24... Qxc3 $6 25. Rh5 $1 $11 {[%mdl 512]}) (24... a5 $17 25. Rh5 Rh8 26. Bxh6 Kg8) 25. Rc1 Qe2 26. Rg3 (26. Be3 $15) 26... Rhg8 (26... Nd3 $17 27. Bxh6 gxh6) 27. Be3 $11 Rac8 ({Black should play} 27... a5 $1 $17) 28. Rb1 Nd3 {Played: Nc5-d7} 0-1

[Event "IV Zagreb Open 2019"]
[Site "Zagreb"]
[Date "2019.12.08"]
[Round "2.2"]
[White "Nikolov, Momchil"]
[Black "Medic, Mirjana"]
[Result "1-0"]
[WhiteElo "2533"]
[BlackElo "2190"]
[Annotator "TA"]
[PlyCount "73"]
[EventDate "2019.12.07"]
[EventType "swiss"]
[EventCountry "CRO"]
[SourceTitle "playchess.com"]
[Source "ChessBase"]
[SourceQuality "1"]

{[%evp 15,73,28,37,26,39,35,35,28,27,30,55,50,47,62,52,33,21,22,35,31,53,64,88,83,82,79,87,81,77,37,52,-34,-24,-36,452,450,515,554,759,646,1189,1187,1154,1141,1072,1036,995,492,479,462,471,465,549,557,617,615,627,626,756,751]} 1. d4 e6 2. c4 f5 3. Nf3 Nf6 4. e3 d5 5. Bd3 c6 6. O-O Bd6 7. b3 Qe7 8. Bb2 O-O 9. Nc3 {[%cal Bb1c3,Bc3e2,Be2g3][%mdl 32] A84: Dutch Defence: 2 c4 Miscellaneous} Ne4 10. Ne2 b6 11. Rc1 {White is slightly better.} Bb7 12. Ne5 c5 13. cxd5 exd5 14. f3 Ng5 15. Ng3 g6 16. f4 Ne6 17. dxc5 Bxc5 $146 ({Predecessor:} 17... bxc5) 18. Rf3 $40 {[%mdl 128] White has some attack.} Nd7 19. Nxf5 $1 Rxf5 20. Bxf5 gxf5 21. Rg3+ Kf8 22. Qh5 (22. Rxc5 $5 bxc5 23. Qh5 $14) 22... Nxe5 23. Bxe5 ({But not} 23. fxe5 Qf7 $17) (23. Rxc5 $1 $14 Qf7 24. Qh6+ Ke8 25. Rc7 $1 {[%mdl 512]} Nxc7 26. Rg7) 23... Qf7 $15 24. Qh6+ Ke7 $2 {[%mdl 8192] [#]} (24... Ke8 $15 {stays ahead.}) 25. b4 $1 $18 {[%mdl 512] White is clearly winning.} Rg8 {Hoping for ...Rxg3.} ({Worse is} 25... Bxb4 {[#]} 26. Rg7 $1 {[%mdl 512]}) 26. bxc5 bxc5 27. Rb1 Bc6 28. Rxg8 Qxg8 29. Qf6+ {[%mdl 64] Double Attack} Kd7 30. Rb8 Qg6 31. Qxg6 (31. Qh8 $142 {Qc8+ would kill now.} Ke7 32. Qc8) 31... hxg6 {[%mdl 4096] Endgame KRB-KBN} 32. Rg8 d4 33. exd4 cxd4 34. Rxg6 d3 {White must now prevent ...d2.} 35. Kf2 Bb5 {aiming for ...d2.} 36. Ke3 a6 37. h4 {Accuracy: White = 67%, Black = 30%.} 1-0

[Event "IV Zagreb Open 2019"]
[Site "Zagreb"]
[Date "2019.12.08"]
[Round "2.3"]
[White "Kotronias, Vasilios"]
[Black "Zadravec, Matija"]
[Result "1-0"]
[WhiteElo "2506"]
[BlackElo "2186"]
[Annotator "TA"]
[PlyCount "45"]
[EventDate "2019.12.07"]
[EventType "swiss"]
[EventCountry "CRO"]
[SourceTitle "playchess.com"]
[Source "ChessBase"]
[SourceQuality "1"]

{[%evp 9,45,46,56,52,93,36,20,18,31,31,50,20,22,33,32,27,28,35,31,23,39,30,156,156,163,155,227,220,232,239,287,287,283,291,288,283,306,293]} 1. e4 e5 2. Nf3 Nc6 3. Bb5 Nge7 4. c3 d5 5. Nxe5 dxe4 6. Qe2 {C60: Ruy Lopez: Unusual Black 3rd moves and 3...g6} Qd5 7. f4 $146 ({White should play} 7. Nxc6 $1 $16 {And now Nb4+ would win.} Nxc6 8. d4) ({Predecessor:} 7. Nxc6 Nxc6 8. d4 Bf5 9. Nd2 O-O-O 10. O-O Bg6 11. Re1 f5 12. a4 a6 13. Bc4 Qd6 {1-0 (52) Gao,R (2546)-Ye,R (2461) Shenzhen 2017}) 7... exf3 $14 8. Nxf3 {The position is equal.} Qe6 9. d4 Qxe2+ 10. Kxe2 (10. Bxe2 {with more complications.} g6 11. O-O Bg7 12. Nbd2 O-O 13. Ne4) 10... Bd7 11. Kf2 f6 12. Nbd2 {[%cal Bb1d2,Bd2e4,Be4f6][%mdl 32]} O-O-O 13. Ne4 Nf5 14. Bd3 b6 15. Re1 Re8 {[#]} (15... Kb8 $11) 16. Nxf6 $1 $16 {[%mdl 576] Discovered Attack} Rxe1 (16... gxf6 17. Rxe8+) 17. Nxd7 Rxc1 {[#]} (17... Re7 $16) 18. Nxb6+ $1 $18 {[%mdl 512]} Kb7 (18... axb6 19. Bxf5+) 19. Rxc1 Nfxd4 20. cxd4 {White has a decisive advantage.} ({Not} 20. Nxd4 Kxb6 21. Re1 Nxd4 $16) 20... Kxb6 {[#]} 21. Rxc6+ $1 {[%mdl 512]} Kxc6 {[#]} 22. Ne5+ $1 Kd5 {Threatens to win with ...Be7.} 23. Nf7 {Accuracy: White = 86%, Black = 38%.} 1-0

[Event "IV Zagreb Open 2019"]
[Site "Zagreb"]
[Date "2019.12.08"]
[Round "2.4"]
[White "Selendic, Ivan"]
[Black "Livaic, Leon"]
[Result "0-1"]
[WhiteElo "2192"]
[BlackElo "2505"]
[Annotator "TA"]
[PlyCount "72"]
[EventDate "2019.12.07"]
[EventType "swiss"]
[EventCountry "CRO"]
[SourceTitle "playchess.com"]
[Source "ChessBase"]
[SourceQuality "1"]

{[%evp 22,72,-19,-15,-5,-5,-6,-21,0,-8,-6,-6,-10,-8,-2,-79,-72,-484,-494,-493,-489,-494,-473,-489,-466,-452,-216,-311,-305,-329,-322,-314,-314,-305,-235,-235,-235,-325,-331,-479,-398,-398,-293,-1193,-854,-5850,-5821,-11264,-5081,-29975,-29977,-29977,-5081]} 1. e4 c5 2. Nf3 d6 3. c3 Nf6 4. h3 g6 5. Bd3 Bg7 6. O-O O-O 7. Bc2 Nc6 8. Re1 e5 9. d4 cxd4 10. cxd4 exd4 11. Nxd4 Nxd4 12. Qxd4 Re8 {B50: Sicilian: 2...d6, Miscellaneous} 13. Qd1 d5 {[%cal Rf6e4]} 14. Nc3 (14. Bg5 {looks sharper.} dxe4 15. Nc3 Qxd1 16. Raxd1 Be6 17. Nxe4 Nxe4 18. Bxe4 h6 19. Bf4) (14. e5 Ne4 15. Bxe4 dxe4 16. Qxd8 Rxd8 17. Bf4 e3 18. f3 Rd4 19. Bxe3 Bxe5 20. Bf2 {1-0 (50) Gagunashvili,M (2585)-Sanikidze,T (2522) Tbilisi 2009}) 14... dxe4 {The position is equal.} 15. Qxd8 Rxd8 16. Nxe4 Nxe4 17. Bxe4 Re8 $146 ({Predecessor:} 17... Be6 18. a4 Rd4 19. Bxb7 Rb8 20. Bf3 Rdb4 21. Be3 Bxb2 22. Bxa7 Bxa1 23. Bxb8 {½-½ (23) Shevtsov,N (2324)-Matjushin,G (2476) Odessa 2011}) 18. Kf1 (18. Bg5 $11 {remains equal.}) 18... Be6 $17 19. f3 $2 {[%mdl 8192]} (19. Bg5 $17 {is tougher.}) 19... Bc4+ $19 20. Kf2 f5 $1 21. Bxb7 Bd4+ $1 22. Kg3 ({Reject} 22. Be3 Rxe3 $1 {[%mdl 512]} 23. Rxe3 Re8 $19) 22... Rxe1 23. Bxa8 {[#]} a6 (23... h6 $142 $1 {[%mdl 512] ...g5 is the strong threat.} 24. Rb1 (24. Bxh6 Rxa1) 24... g5) 24. Bc6 (24. f4 {was called for.}) 24... h6 25. Ba4 Kf7 {Strongly threatening ...Rf1.} 26. Bb3 Bxb3 27. axb3 {intending Ra4.} Be3 28. Bxe3 Rxa1 {[%mdl 4096] Endgame KR-KB} 29. Kf4 Rd1 30. g4 (30. Kg3 {might work better.}) 30... fxg4 31. hxg4 Rd3 32. Ke4 $2 (32. b4) 32... Rxb3 33. Bxh6 Rxb2 34. Be3 a5 35. Kd3 Rb3+ 36. Kd2 {[#]} a4 {Accuracy: White = 25%, Black = 78%.} (36... Rxe3 $142 $1 {[%mdl 512]} 37. Kxe3 g5 38. Kd3 Kf6 39. Kd4 a4 40. Kc4 Ke5 41. Kc3 Kf4 42. Kc2 Kxf3 43. Kb2 Kxg4 44. Kc3 Kf5 45. Kc4 g4 46. Kb4 g3 47. Kxa4 g2 48. Ka5 g1=Q 49. Kb5 Qd4 50. Kc6 Ke4 51. Kc7 Kd5 52. Kb7 Kd6 53. Ka6 Qb4 54. Ka7 Kc7 55. Ka8 Qb8#) 0-1

[Event "IV Zagreb Open 2019"]
[Site "Zagreb"]
[Date "2019.12.08"]
[Round "2.5"]
[White "Soldo, Robert"]
[Black "Enchev, Ivajlo"]
[Result "0-1"]
[WhiteElo "2190"]
[BlackElo "2482"]
[Annotator "TA"]
[PlyCount "98"]
[EventDate "2019.12.07"]
[EventType "swiss"]
[EventCountry "CRO"]
[SourceTitle "playchess.com"]
[Source "ChessBase"]
[SourceQuality "1"]

{[%evp 10,98,25,31,61,32,31,28,46,47,98,1,13,0,0,0,6,0,72,59,58,56,68,64,62,60,53,53,69,53,68,61,60,39,81,81,75,78,96,88,88,90,113,79,86,78,84,78,81,77,70,75,107,79,83,82,106,99,121,118,146,146,224,143,153,155,146,13,18,0,0,0,0,-366,-319,-602,-522,-1336,-1285,-1645,-1626,-1651,-1597,-1624,-1615,-2789,-2034,-5914,-5636,-4714,-4710]} 1. d4 Nf6 2. Bg5 e6 3. e4 h6 4. Bxf6 Qxf6 5. Nf3 d5 6. Nbd2 c5 {A46: 1 d4 Nf6 2 Nf3 e6: Torre, London and Colle Systems} 7. exd5 exd5 8. Bb5+ Nc6 {White has an edge.} 9. c4 $146 ({Predecessor:} 9. O-O cxd4 10. Re1+ Be7 11. Qe2 Be6 12. Nb3 d3 13. cxd3 O-O 14. Bxc6 bxc6 15. Nfd4 Bb4 16. Rec1 Bd7 17. Qf3 Qg6 18. Nc5 Bg4 19. Nxc6 {½-½ (19) Dubov,D (2600)-Khruschiov,A (2431) Moscow 2012}) 9... Qe6+ (9... a6 $14 10. Qa4 Rb8 11. cxd5 axb5 12. Qxb5 {[%mdl 64] Double Attack, Pin} Qd6 13. dxc6 bxc6 14. Qe2+ Qe6) 10. Qe2 (10. Kf1 $1 $16) 10... Qxe2+ 11. Kxe2 Be6 12. dxc5 Bxc5 13. Rhc1 d4 (13... Be7 $11 {keeps the balance.}) 14. Ne4 $36 {[%mdl 2048] White is more active.} d3+ 15. Kf1 Be7 16. Ne5 Rc8 17. Bxc6+ bxc6 18. Nxd3 O-O 19. b3 Bf5 20. Re1 Rfd8 21. Rad1 Rd4 22. f3 a5 23. Ndc5 Rcd8 24. Rxd4 Rxd4 25. Ke2 Bg6 26. g4 f5 27. gxf5 Bxf5 28. Rd1 Bxc5 29. Nxc5 $16 {[%mdl 4096] Endgame KRB-KRN} Rh4 30. Rh1 Kf7 31. Ke3 Kf6 32. a4 Rh5 33. Rd1 Rxh2 34. Rd6+ {[%mdl 64] Double Attack} Kg5 35. Rxc6 Rb2 (35... Rc2 $16) 36. Rb6 h5 37. Rb5 h4 38. Ne4+ ({White must play} 38. Rxa5 $16 h3 39. Ra8) 38... Kg6 $11 39. Kf4 Bxe4 $1 40. fxe4 {Kg4 is the strong threat. KR-KR} Rg2 {Hoping for ...h3.} 41. Rb8 $2 {[%mdl 8192]} ({Don't play} 41. Rxa5 h3 $17) (41. Rd5 $11 {and White stays safe.}) 41... Kh7 $1 $19 42. Rd8 $2 {[#]} (42. Rb5 g5+ 43. Ke5 (43. Rxg5 $2 Rxg5 44. Kxg5 h3 $19)) 42... h3 $1 {[%cal Rh3h2] Threatens to win with ...h2.Black is clearly winning.} 43. Rd3 {[#]} g5+ $1 44. Kf5 g4 45. Rd7+ Kh6 46. Rd8 h2 47. c5 g3 48. Kg4 Kg7 49. Rd7+ Kf6 {Accuracy: White = 44%, Black = 56%.} 0-1